Instructor's manual to accompany Auditing A Systematic Approach

Αποθηκεύτηκε σε:
Λεπτομέρειες βιβλιογραφικής εγγραφής
Κύριος συγγραφέας: Messier, William F.
Μορφή: Βιβλίο
Γλώσσα:English
Δημοσίευση: New York : McGraw-Hill, 1997
Θέματα:
Ετικέτες: Προσθήκη ετικέτας
Δεν υπάρχουν, Καταχωρήστε ετικέτα πρώτοι!

MARC

LEADER 00000nam a2200000 i 4500
001 1/62418
008 980617s1997 eng d
020 |a 0070417008 
035 |l 10029069 
040 |a GR-MY-UA  |b gre  |e aacr 
041 0 |a eng 
082 0 |a 657.45 
100 1 |a Messier, William F. 
245 1 0 |a Instructor's manual to accompany Auditing A Systematic Approach /  |c William F. Messier 
260 |a New York :   |b McGraw-Hill,   |c 1997 
300 |a 100 p.+ appendix  |e 3 disk 3.5" 
650 0 0 |a Auditing. 
852 |a INST  |b CHIOS  |e 19980617  |h 657.45 MES  |p 005200016113  |q 005200016113  |t BK  |y 0 
901 |a BIBL-1998-2 
909 |a Χ  |b 057236 
909 |a Χ  |b 057237 (disk) 
909 |a Χ  |b 057238 (disk) 
909 |a Χ  |b 057239 (disk) 
922 |a 2ΕΛΗ  |b 199805  |c ΤΔΕ  |d ΠΑΠΑΣΩΤΗΡΙΟΥ